00221nam a22001097a 4500003000400000082001400004100001900018245002700037250000800064260003100072300000800103SGT a615bC86L aLAURENCE, D.R. aCLINICAL PHARMACOLOGY  a5TH a U.K.bCHURCHILL PUBc1986 a854